Intenzifikácia a dostavba mestského bloku / Zvolen
Guardado en:
| Autor principal: | |
|---|---|
| Otros Autores: | |
| Formato: | Manuscrito Libro |
| Lenguaje: | eslovaco |
| Publicado: |
2025
|
| Materias: | |
| Acceso en línea: | http://is.stuba.sk/zp/portal_zp.pl?podrobnosti=182491 CRZP |
| Etiquetas: |
Sin Etiquetas, Sea el primero en etiquetar este registro!
|
MARC
| LEADER | 00000ntm a22000003a 4500 | ||
|---|---|---|---|
| 001 | stuzp104695 | ||
| 003 | SK-STU | ||
| 005 | 20250724110609.5 | ||
| 007 | ta | ||
| 008 | 150427s2015----xo-----f-mn---000-0-slo-d | ||
| 040 | |a STU |b slo | ||
| 041 | 0 | |a slo | |
| 100 | 1 | |a Hurňanský, Damián |u 010310 |4 aut |U SvF Stavebná fakulta |T SvF Katedra architektúry |X 103858 |U V181|V310 |Y 19 |7 103858 | |
| 242 | 0 | 1 | |a Intensification and completion of the urban block / Zvolen |y eng |
| 245 | 1 | 0 | |a Intenzifikácia a dostavba mestského bloku / Zvolen |
| 260 | |c 2025 | ||
| 650 | 4 | |a master’s thesis |2 eng | |
| 650 | 4 | |a residential building |2 eng | |
| 650 | 4 | |a urbanism |2 eng | |
| 650 | 4 | |a architecture |2 eng | |
| 650 | 4 | |a inner courtyard |2 eng | |
| 650 | 4 | |a vnútroblok |2 slo | |
| 650 | 4 | |a bytový dom |2 slo | |
| 650 | 4 | |a architektúra |2 slo | |
| 650 | 4 | |a urbanizmus |2 slo | |
| 650 | 4 | |a diplomová práca |2 slo | |
| 700 | 1 | |a Paňák, Pavel |u 051110 |k Z1 |4 ths |U FAD Fakulta architektúry a dizajnu |T FAD Ústav architektúry obytných budov |X 70322 |U A1110 |Y 392 |7 A000070322 | |
| 856 | 4 | |u http://is.stuba.sk/zp/portal_zp.pl?podrobnosti=182491 | |
| 856 | 4 | |u https://opac.crzp.sk/?fn=detailBiblioForm&sid=809C367C54749DCAA342ACFF7E5A |z CRZP | |